[Event "World Cup"]
[Site "Khanty-Mansiysk"]
[Date "2009.11.28"]
[Round "3.2"]
[White "Yu, Yangyi"]
[Black "Vachier Lagrave, Maxime"]
[Result "1/2-1/2"]
[WhiteElo "2527"]
[BlackElo "2718"]
[Annotator "Kritz,L"]
[PlyCount "99"]
[EventDate "2009.11.21"]
[EventType "k.o."]
[EventRounds "7"]
[EventCountry "RUS"]
[SourceTitle "CBM 134"]
[Source "ChessBase"]
[SourceDate "2010.01.18"]
[SourceVersion "1"]
[SourceVersionDate "2010.01.18"]
[SourceQuality "1"]

1. e4 c5 2. Nf3 e6 3. d4 cxd4 4. Nxd4 a6 5. Bd3 (5. c4 {führt zum offenen
Kampf.} Nf6 6. Nc3 Qc7 7. a3 d6 8. Be3 b6 9. Be2 Bb7 10. f3 Be7 11. O-O Nbd7
12. Rc1 O-O $132) (5. Nc3 b5 6. Bd3 Qb6 7. Nb3 Qc7 8. O-O Bb7 $132 {Das ist
eine ganz andere Geschichte, es entsteht ebenfalls eine Stellung mit Chancen
für beide Seiten.}) 5... Bc5 6. Nb3 Be7 (6... Ba7 {Das ist eine Alternative,
die jedoch innerhalb der letzten Zeit immer weniger Anhänger findet.} 7. Qg4 $5
{wurde seit kurzem populär und das nicht ohne Grund.} Nf6 8. Qg3 d6 9. Nc3 Nc6
10. Bg5 h6 11. Bd2 Nh5 12. Qf3 Qh4 13. g3 Ne5 14. Qe2 Qg4 (14... Nxd3+ 15. cxd3
Qh3 16. O-O-O $14) 15. O-O-O Nf6 (15... Nxd3+ 16. Qxd3 O-O 17. f3 Qg6 18. Qxd6
$16) 16. f4 Qxe2 17. Bxe2 Neg4 18. Be1 Ke7 19. Rd3 h5 (19... Bd7 20. Bf3 e5 21.
Nd1 Bb5 22. Rc3 $14 {Erenburg - Zhao (Pawtucket, 2008)}) 20. Bf3 $1 h4 21. Nd1
$14 {Erenburg - Friedel (Pawtucket, 2008)}) 7. Qg4 g6 {Die alte traditionelle
Spielweise.} 8. Qe2 d6 9. O-O (9. Na3 {Wenn man sofort Na3 spielt, kann der
schwarze Springer nach c6 gestellt werden und von dort das Feld a5
kontrollieren.} Nc6 $1 (9... b5 10. c4 b4 11. Nc2 a5 12. Nbd4 $16 {/\a3}) (9...
Nd7 10. Nc4 b5 (10... b6 {- das ist gerade das, was Weiß möchte:} 11. a4 Bb7
12. O-O Qc7 13. a5 $1 b5 14. Nb6 Nxb6 15. axb6 Qxb6 16. Na5 Nf6 17. Be3 Qc7 18.
Bxb5+ axb5 19. Qxb5+ Qd7 20. Qxb7 Qxb7 21. Nxb7 Kd7 {Kritz - Siebrecht 
(Differdange, 2007)} 22. f3 $1 Rhb8 23. Rxa8 Rxa8 24. Bd4 Kc7 (24... e5 25. Bc3
Kc7 26. Na5 $18) 25. Nxd6 Bxd6 26. e5 $16) 11. Nca5 Ngf6 12. Bh6 $16 {Schwarz
kann nicht mal rochieren, dabei will Weiß demnächst a4 spielen. Das Läufer auf
c8 hat keine Perspektiven.}) 10. O-O h5 $5 (10... b5 11. c4 b4 12. Nc2 a5 13.
a3 $16 a4 $2 14. Nxb4 Nxb4 15. axb4 Rb8 16. Na5 $18) 11. Bd2 Nf6 12. Nc4 e5 $1
$132) (9. c4 {ist eine andere Aufbaumöglichkeit.} Nd7 10. Nc3 Qc7 11. O-O Ne5
12. h3 b6 13. a4 Nf6 14. a5 bxa5 15. Nxa5 $14 {Kosintseva - Kursova (Dagomys,
2008)}) 9... Nd7 (9... Nf6 $6 10. Bh6 $14) 10. Na3 {Weiß hat viele
unterschiedliche Möglichkeiten, 10.a4, 10.c4 und 10.Nc3.} (10. c4 b6 11. Nc3
Bb7 12. Bf4 Ngf6 13. h3 O-O 14. Rfd1 $132 {Wang Hao - Svidler (Ningpo, 2008).
Es entsteht eine typische Igelstellung mit guten Chancen für beide Seiten.}) (
10. a4 Ne5 $5 {Schwarz will nicht b6-Bb7 spielen, sondern eher Bd7-Bc6} 11. Nc3
Nf6 12. Bg5 O-O 13. Rad1 Ne8 14. Bh6 Ng7 15. Kh1 Re8 16. f4 Nxd3 17. Rxd3 $14 {
Nisipeanu - Sax (Sibenik, 2006)}) (10. Nc3 {macht am wenigsten Sinn} b6 11. Bd2
Bb7 12. Rae1 Ngf6 13. Bh6 Bf8 14. Bxf8 Kxf8 15. f4 e5 16. Nd2 Kg7 17. Nc4 b5 $1
18. Ne3 (18. Nxd6 Qb6+ $18) 18... b4 $132 {Motylev - Topalov (Bastia, 2003)})
10... Ne5 (10... Kf8 $2 11. Nc4 Kg7 12. Bd2 Ngf6 13. Bc3 Re8 14. f4 d5 15. Ne3
dxe4 16. Bxe4 e5 17. Ba5 b6 18. Bxa8 $18 {Motylev - Epishin (Moscow, 2004)}) (
10... h5 11. f4 Qc7 12. Bd2 Ngf6 13. Kh1 h4 14. Rae1 e5 15. Nc4 $14 {Smirnov -
Milov (Warsaw, 2005)}) 11. Nc4 ({Es verdient Betrachtung} 11. f4 $5 Nxd3 12.
cxd3 {Es sieht so aus, als ob Weiß hier doch am Drücker bleiben kann.} b5 13.
Bd2 Nf6 14. Ba5 Qd7 15. Rac1 O-O 16. Rc7 Qe8 17. Nc2 $14 {Jenni - Caruana 
(Plovdiv, 2008)}) 11... Nxc4 12. Bxc4 Qc7 13. Rd1 $2 {Planlos. Der Turm hat
nichts zu suchen auf der d-Linie. Weiß sollte stattdessen sein Spiel am
Damenflügel durchführen.} (13. a4 Bd7 14. a5 Rc8 15. Bd3 Nf6 (15... h5 16. Be3
Nf6 17. Bb6 Qb8 18. Nd4 $16) 16. Bh6 $14 {Schwarz hat nichts zu tun.}) 13...
Bd7 14. a4 Rc8 15. Bd3 {Hier sieht man einmal mehr die Sinnlosigkeit des Zuges
13.Rd1 - der Läufer blockiert den eigenen Turm.} h5 $1 {Schwarz will Bh6
verhindern.} (15... Nf6 16. Bh6 $14) 16. a5 Nf6 17. Bg5 {Das sind Versuche,
strategische Probleme mit taktischen Mitteln zu lösen. Einfacher ist Be3.} (17.
Be3 $1 O-O 18. Bb6 Qb8 19. Nd4 $14) 17... h4 $2 {Wozu die unnötigen
Komplikationen?!} ({Nichts spricht gegen} 17... O-O $5 18. Qf3 Kg7 19. h3 e5 {
Die schwarze Stellung ist in Ordnung.}) 18. Qf3 Nh5 19. Bxe7 (19. Be3 $1 {
sieht viel stärker aus. Der schwarze Königsflügel ist nun völlig
komprommitiert.} e5 20. h3 Qc6 21. Nd2 Be6 22. Ra3 $1 $16) 19... Kxe7 {Jetzt
kann sich Schwarz halten, weil er die Kontrolle über die schwarzen Feldern hat.
} 20. Nd2 Qc5 $6 (20... Rcd8 $1 {Man sollte die Schwäche d6 decken.} 21. Nc4
Bc6 22. Nb6 Kf8 $11 {/\Kg7-Qe7=}) 21. e5 (21. Nc4 $5 Bc6 22. b4 $1 Qxb4 23. Qe3
Qc5 24. e5 $1 Qxe3 25. exd6+ Kf6 26. fxe3 $14) 21... Bc6 ({Zu unklarem Spiel
führt} 21... Qxe5 $5 22. Qxb7 Nf4 23. Nf3 Qf6 24. Qxa6 h3 25. g3 Rc6 26. Qb7
Nxd3 27. Rxd3 Rxc2 $132) 22. exd6+ Qxd6 23. Be4 Nf6 24. Qb3 {Das Spiel
vereinfacht sich und geht in ein gleiches Endspiel über.} Rhd8 25. Bxc6 Qxc6
26. Qb4+ $2 (26. Nf3 Rxd1+ 27. Rxd1 Qxc2 28. Qxb7+ Rc7 29. Qb4+ $11) 26... Ke8
$2 {Schwarz nimmt seine Chance nicht wahr.} (26... Qc5 $1 27. Qxb7+ (27. Qxc5+
Rxc5 28. c4 Rc7 29. Kf1 Rcd7 30. Ke2 Ng4 $17) 27... Rd7 28. Qf3 Qxc2 29. Nf1
Qxb2 $17) 27. Nf3 (27. c3 h3 28. gxh3 Rd5 $44 {Schwarz hat mehr als
ausreichende Kompensation.}) 27... Qxc2 28. Re1 Qc4 (28... h3 $5 29. gxh3 Qf5
30. Qxb7 Rb8 31. Qc6+ Kf8 32. Qc3 Rbc8 33. Nh4 $13) 29. Qxb7 Rd7 30. Qb6 Nd5
31. Qd4 Qxd4 32. Nxd4 {Das Endspiel ist eindeutig besser für Schwarz.} Nb4 33.
Nf3 Rc2 (33... Nd3 $5 34. Re2 Rd5 35. Kf1 (35. Nxh4 Rxa5 36. Rb1 Rac5 37. h3
Rc2 $17) 35... Rdc5 36. g3 hxg3 37. hxg3 Rb5 38. Rd2 $1 Nxb2 39. Rd6 Ra8 $17)
34. Re4 Rxb2 35. Rxh4 Nd3 $2 {Lässt einen großen Teil des Vorteils aus.} (35...
Ra2 $1 36. Rb1 Nd3 $17 {Nun hängt auch der weiße a-Bauer.}) 36. Rh8+ Ke7 37.
Ra8 Nc5 {Schwarz muss sich zurückziehen.} (37... Nxf2 38. Rxa6 Ne4 39. Rb6 $11)
38. h4 $1 {Die Stellung hat sich ungefähr ausgeglichen. Weiß hat einen aktiven
Turm auf a8 und dazu die Gelegenheit, einen Freibauern zu organisieren.} Rc7
39. Ne5 (39. Rc1 $5 Rb5 40. Nd4 Rxa5 41. Nb3 Rb5 42. Rxc5 Rbxc5 43. Nxc5 Rxc5
44. Rxa6 $11) 39... Kf6 40. Ng4+ Kg7 $11 41. Rd1 $2 (41. g3 $11) 41... Ne4 $2 (
41... Rb4 $1 42. f3 f5 43. Ne5 Rxh4 $15) 42. Rxa6 Rcc2 43. Rf1 {Die Stellung
ist remis.} Ra2 44. Ra7 Rc5 45. Re1 Nf6 46. Nxf6 Kxf6 47. a6 Rcc2 48. Rf1 Rc6
49. Rd1 Rcxa6 50. Rb7 1/2-1/2

[Event "Bundesliga 0506"]
[Site "Germany"]
[Date "2005.10.22"]
[Round "1.4"]
[White "Berndt, Stephan"]
[Black "Chuchelov, Vladimir"]
[Result "0-1"]
[WhiteElo "2447"]
[BlackElo "2534"]
[Annotator "Kritz,L"]
[PlyCount "64"]
[EventDate "2005.10.21"]
[EventType "team-tourn"]
[EventRounds "15"]
[EventCountry "GER"]
[SourceTitle "CBM 110"]
[Source "ChessBase"]
[SourceDate "2006.01.31"]
[SourceVersion "1"]
[SourceVersionDate "2006.01.31"]
[SourceQuality "1"]
[WhiteTeam "Neukoelln"]
[BlackTeam "Katernberg"]
[WhiteTeamCountry "GER"]
[BlackTeamCountry "GER"]

1. e4 c5 2. Nf3 e6 3. d4 cxd4 4. Nxd4 a6 {Das ist eine der ganz populären
Varianten, so spielen heutzutage viele Spitzenspieler.} 5. Bd3 (5. Nc3 b5 (5...
Nc6 6. Nxc6 bxc6 7. Bd3) (5... Qc7 6. Bd3) 6. Bd3 {sind die anderen
Hauptvarianten}) 5... Nf6 (5... Bc5 {Dieser Zug wird öfters gespielt und führt
zu sehr komplizierten Igel Stellungen, die beiden Seiten gute Chansen anbieten.
} 6. Nb3 Be7 (6... Ba7 7. Qe2 Nc6 8. Nc3 d6 9. O-O $14) 7. Qg4 g6 (7... Nf6 8.
Qxg7 Rg8 9. Qh6 Rxg2 10. Qh3 Rg8 11. Nc3 $14 {/\ Be3/Bf4 - 0-0-0}) 8. Qe2 d6 9.
Nc3 (9. c4 $5 Qc7 10. Nc3 b6 $132) 9... Nd7 10. O-O Qc7 11. Bd2 Ngf6 12. f4 b6
13. Rae1 Bb7 $132) 6. O-O Qc7 7. c4 $6 {Ungenauigkeit, die es Schwarz erlaubt,
gutes Spiel zu bekommen. Viel besser sieht} (7. Qe2 {aus.} d6 8. c4 {Erst
nachdem der schwarze Bauer nach d6 vorgerückt ist, hat es Sinn c4 zu spielen,
denn nach} Nc6 (8... g6 9. Nc3 Bg7 10. Nf3 $1 O-O 11. Bf4 $14 {/\
Rfd1-Rac1-Bb1 x d6}) 9. Nxc6 {kann Schwarz nicht mehr mit dem d-Bauer schlagen
und muss nach} bxc6 10. f4 Be7 11. Nc3 O-O 12. Bd2 Rb8 13. b3 $14 {mit gewißen
Schwierigkeiten rechnen.}) 7... Nc6 8. Nxc6 (8. Be3 Nxd4 9. Bxd4 Bc5 10. Bxc5 (
10. Bxf6 $2 gxf6 11. Qg4 Kf8 $1 12. Nc3 Qe5 $15 {Schwarz hat nichts zu
befürchten, sein König ist auf f8 sicher und der schwarzfeldrige Läufer
genießt volle Freiheit, die Weiß nicht kompensieren kann.}) 10... Qxc5 11. Nc3
d6 12. Kh1 e5 13. f4 exf4 14. Rxf4 Qe5 15. Qd2 Be6 $11 {Eine ganz typische
Situation ist entstanden: Weiß verfügt über etwas mehr Raum, dafür steht
Schwarz auf den schwarzen Feldern sehr sicher - diese beiden Faktoren gleichen
sich aus.}) 8... dxc6 9. f4 $2 {Das ist ein grober Fehler, nach dem Weiß
Problemen bekommt. Man durfte auf keinem Fall die schwarzen Felder noch mehr
schwächen.} (9. Be3 $1 {Die g1-a7 Diagonale ist sehr wichtig, Weiss muss die
Kontrole über sie und über das geschwächte Feld d4 ergreifen.} e5 10. h3 (10.
f3 Be6 (10... Nh5 11. Nc3 Nf4 12. Na4 Be6 13. Bb6 (13. Nb6 Rd8 $15) 13... Qd7
14. Bc2 Qxd1 (14... Bd6 15. Nc5 $14) 15. Rfxd1 Bxc4 16. Nc5 $44) 11. Nc3 Rd8
12. Qe2 Nh5 $15) 10... Be6 11. Nc3 Rd8 12. Qe2 Nd7 $11) 9... e5 10. f5 (10. Be3
exf4 11. Bxf4 (11. Rxf4 $2 Bc5 12. Qf3 (12. Bxc5 Qxf4 13. Nc3 Qe5 14. Bf2 Ng4
$19) 12... Bxe3+ 13. Qxe3 Ng4 14. Qd2 g5 $1 $19) 11... Qb6+ 12. Kh1 Qxb2 13.
Nd2 Bg4 $17) (10. fxe5 Qxe5 11. Nc3 (11. Bf4 Qxb2 $19) 11... Ng4 12. g3 (12.
Bf4 Qc5+ 13. Kh1 Nf2+ 14. Rxf2 Qxf2 $19) 12... Be6 13. Bf4 Qd4+ 14. Kg2 O-O-O
$19) 10... Bc5+ 11. Kh1 h5 $1 {Bereitet den typischen Zug Ng4 vor. Der
Springer ist von dort nicht zu vertreiben, denn nach h3 kann Weiß nicht hg
spielen, da sein König sich im Mattnetz befinden wird. Der Turm h8 spielt hier
eine sehr wichtige Rolle.} 12. Nc3 Ng4 13. Qe1 Bd7 14. Na4 Qd6 $1 {Sehr stark
gespielt! Es ist egal, welche Figur, Dame oder Läufer, auf der Diagonale
bleiben kann, Hauptsache eine der beiden bleibt!} ({Nach} 14... Bd4 15. Bd2 {
/\ Bc3 wird es nicht ganz so einfach für Schwarz die Diagonale weiterhin zu
kontrollieren.}) 15. Nxc5 Qxc5 $15 16. a4 Qd4 17. Ra3 c5 18. Qe2 O-O-O 19. Bc2
g6 20. Rd3 Qxc4 21. b3 Qb4 22. Bd2 Qb6 23. Rc3 gxf5 24. exf5 Bc6 25. Rg3 Rhg8
26. Bc3 e4 27. h3 Qc7 28. Be1 Nf6 29. Rxg8 Rxg8 30. Bh4 e3 31. Bxf6 Rxg2 32.
Qxg2 Bxg2+ 0-1

[Event "FIDE World Cup"]
[Site "Khanty-Mansiysk"]
[Date "2005.11.28"]
[Round "1.2"]
[White "Smirin, Ilia"]
[Black "Arencibia Rodriguez, Walter"]
[Result "1/2-1/2"]
[WhiteElo "2673"]
[BlackElo "2510"]
[Annotator "Kritz,L"]
[PlyCount "105"]
[EventDate "2005.11.27"]
[EventType "k.o."]
[EventRounds "7"]
[EventCountry "RUS"]
[SourceTitle "CBM 111"]
[Source "ChessBase"]
[SourceDate "2006.04.04"]
[SourceVersion "1"]
[SourceVersionDate "2006.04.04"]
[SourceQuality "1"]

1. e4 c5 2. Nf3 e6 3. d4 cxd4 4. Nxd4 a6 5. Nc3 b5 {andere Hauptfortsetzungen
sind} (5... Qc7 6. Bd3 Nf6 (6... Nc6 7. Nxc6 dxc6 8. O-O e5 9. f4 Bc5+ 10. Kh1
Nf6 11. f5 h5 12. Qf3 Ng4 13. Bg5 $14 {Diese Variante wird sehr oft von dem
lettischen GM Normunds Miezis gespielt. Seine Partien kann man als Beispiel
für das schwarze Spiel nehmen, allerdings bleibt die Stellung trotzdem besser
für Weiß.}) (6... Bb4 {Macht wenig Sinn, da das Nehmen auf c3 sehr gefährlich
ist:} 7. O-O Bxc3 (7... Nf6 8. Bd2 Be7 9. Qe2 $16 {De Firmian - Forsaa 
(Politiken Cup, 2005)}) 8. bxc3 Qxc3 9. Rb1 $1 Ne7 (9... Qxd4 10. Bb2 Qc5 11.
Bxg7 $18) 10. Bb2 Qc7 11. Qg4 Ng6 12. e5 b5 13. f4 $16) 7. O-O Be7 (7... d6 8.
Qe2 $14) 8. Kh1 Nc6 (8... O-O 9. f4 d6 10. Qf3 $16 {Es entsteht typische
Scheweningenstellung, wo Schwarz sich schon mit dem Zug Dc7 festgelegt hat und
Weiß statt Le2-Lf3/Ld3 sofort Ld3 gezogen hat und damit ein Tempo gewonnen hat,
was in solch scharfen Stellungen sehr stark die Stellungsbewertung
beeinflüssen kann.}) 9. Nxc6 $1 (9. Be3 $6 Nxd4 10. Bxd4 Bc5 $5 (10... e5 11.
Be3 Bc5 12. Bg5 Bd4 13. Bxf6 Bxc3 14. Bxg7 Rg8 15. bxc3 Rxg7 16. Qh5 $16) 11.
Bxc5 Qxc5 12. f4 d6 13. Qe1 e5 $132 {Schwarz hat zwar ein Zug Zeit verloren,
aber diese Stellung ist nicht temporär, vielleicht kann man sich hier noch
erfolgreich verteidigen.}) 9... bxc6 {Ähnliche Stellungen erhält man in der
Variante 1.e4 c5.2.Sf3 e6.3.d4 cd.4.Sd4 a6.5.Sc3 Sc6.6.Sc6 bc.7.Ld3. Der Zug
Dc7 ist hier nicht unbedingt notwendig.} (9... dxc6 10. f4 e5 11. f5 $16 {
Erneut entsteht ähnliche Struktur wie in Miezis-Variante, nur statt den Läufer
auf c5 zu entwickeln, steht er jetzt passiv auf e7.}) 10. b3 O-O 11. Bb2 d5 (
11... e5 $6 12. f4 d6 13. Qf3 $14 {Gashimov - Ahlander (Saint Vincent, 2005)
Jetzt hat sich der weiße Aufbau gelohnt - nach Nd1-e3 ist der Läufer b2 sehr
aktiv.}) 12. f4 (12. e5 $6 Qxe5 13. f4 Qc7 14. Ne2 Ng4 $1 15. Qe1 Bf6 $17)
12... c5 13. e5 Nd7 14. Qh5 g6 15. Qh3 Bb7 $132) (5... Nc6 {was zuletzt sehr
aktuell geworden ist.} 6. Nxc6 (6. Be3 Nf6 7. Qd2 Bb4 8. f3 d5 9. a3 Qa5 $1 $11
) 6... bxc6 7. Bd3 d5 8. O-O $132) 6. Bd3 d6 (6... Qb6 {wird öfters gespielt}
7. Nb3 (7. Be3 Bc5 8. Be2 Nc6 9. Nxc6 dxc6 $1 (9... Bxe3 10. fxe3 dxc6 11. Qd4
$1 {xg7} Qxd4 12. exd4 $14 {Wegen dem starken Zentrum steht Weiß angenehmer.})
10. Bxc5 (10. Qd6 $5 Bxd6 $1 (10... Bxe3 11. fxe3 Ra7 12. O-O-O Rd7 (12...
Qxe3+ 13. Kb1 $16) 13. Qg3 $14) 11. Bxb6 e5 12. O-O-O Ke7 $11) 10... Qxc5 11.
f4 e5 12. f5 Nf6 13. Qd3 Bd7 14. Qg3 Qe7 $1 15. O-O-O O-O-O $11) 7... Qc7 8.
O-O Nf6 9. Qe2 d6 10. Bd2 Be7 11. a4 (11. f4 Bb7 12. Kh1 O-O 13. Rae1 Nbd7 $132
{Das ist die alte "klassische" Stellung mit Chancen für beide Seiten.}) 11...
b4 12. Na2 a5 13. c3 bxc3 14. Nxc3 $14) 7. O-O Nf6 8. Qe2 (8. a4 {sieht etwas
logischer aus} b4 9. Na2 Qb6 10. Be3 (10. a5 $5 Qxa5 11. Bd2 (11. c3 $5 bxc3 (
11... Bb7 12. cxb4 Qc7 13. Nc3 $14) 12. Nxc3 Qd8 (12... Qxa1 13. Nb3 $16) (
12... Qb6 13. Be3 $14) 13. Be3 Be7 14. Bb5+ Bd7 15. Qf3 Bxb5 16. Ncxb5 $13 {
Weiß verfügt zwar über gewiße Kompensation aufgrund des Entwicklungsvorsprungs,
aber es ist fraglich ob es genug ist.}) 11... d5 12. e5 Ne4 $13) 10... Qb7 11.
c3 e5 (11... bxc3 12. Nxc3 Be7 13. b4 Qxb4 14. a5 $1 (14. Rb1 Qa5 15. Nb3 Qc7
16. a5 Bd7 17. Qd2 O-O 18. Rfc1 $44) 14... O-O 15. Qd2 Qb7 16. Rfb1 Qc7 17. Rc1
Qd8 18. Na4 $16 {Zhang Pengxiang - Markowski (Merida, 2005)}) 12. Nb3 bxc3 (
12... Nc6 13. cxb4 Nxb4 14. Na5 Qb8 15. Nxb4 Qxb4 16. Nc4 $16) (12... a5 $5 {
sieht zwar absourd aus, ist aber nicht so einfach zu widerlegen} 13. cxb4 axb4
14. Bb5+ Bd7 15. Nxb4 Bxb5 16. axb5 Rxa1 17. Nxa1 Qxb5 18. Nd5 $14) 13. Nxc3
Nc6 (13... Be6 $5 {wäre womöglich stärker gewesen, um den weißen Läufer nicht
über c4 auf d5 rauszulassen} 14. Na5 $1 (14. Nd2 Nbd7 15. Nc4 Rc8 $13) 14...
Qb4 15. Nd5 Bxd5 (15... Qxa5 16. Bb6 $18) 16. Bd2 Qb6 17. exd5 Nbd7 18. b4 $14)
14. Bc4 Be7 (14... Be6 15. Nd5 $1 Nxe4 (15... Bxd5 16. Bxd5 Nxd5 17. Qxd5 Rb8
18. Rfc1 $16) 16. Rc1 $36) 15. Nd5 Be6 16. Nxf6+ gxf6 17. Bd5 (17. Bxe6 {
verspricht Weiß nicht so viel} fxe6 18. Qh5+ Kd7 19. Nd2 Rag8 $132) 17... Bxd5
18. Qxd5 $14 {Radjabov - Kazhgaleyev (Khanty Mansiysk, 2005)}) 8... Be7 9. a4 {
Das ist zwar gut spielbar, jedoch nicht ganz folgerichtig. Wenn man schon 8.
Qe2 spielt, dann sollte man versuchen, im Zentrum und am Königsflügel zu
spielen:} (9. Bd2 Bb7 10. Rae1 O-O 11. Kh1 Nbd7 12. f4 $14) 9... b4 10. Na2 Qb6
11. Be3 Qb7 12. Bg5 {Weiß führt keinen konkreten Plan durch, sondern versucht
seinen Entwicklungsvorsprung mittels taktischen Tricks auszunutzen.} h6 $5 (
12... O-O 13. e5 $1 dxe5 14. Bxf6 $1 Bxf6 15. Be4 Qa7 16. Qh5 g6 17. Qf3 exd4 (
17... Qxd4 18. c3 bxc3 19. bxc3 Qxa4 20. Nb4 Qb5 21. Bxa8 Bg7 22. Rfb1 $14) 18.
Bxa8 Be7 19. Rfd1 e5 20. c3 bxc3 21. bxc3 dxc3 22. Nxc3 $14) (12... Nbd7 13. a5
Nc5 14. f3 $14) 13. Bh4 g5 14. Bg3 e5 $5 {sehr interessante Idee - der weiße
Läufer g3 wird für kurze Zeit aus dem Spiel ausgeschloßen und Schwarz bekommt
gutes Spiel.} 15. Nf5 Bxf5 16. exf5 e4 $132 17. Bc4 d5 18. Bxb8 Qxb8 19. Bxa6
O-O 20. c3 bxc3 21. bxc3 Qe5 22. Rad1 Rfd8 23. Bb5 Rac8 24. Kh1 Bd6 25. g3 Qxf5
26. f3 Qe6 27. fxe4 dxe4 28. Nb4 Bxb4 29. cxb4 Rxd1 30. Qxd1 Qe5 31. Qa1 Rc3
32. Rc1 Nd5 33. Be2 Rxc1+ 34. Qxc1 Nxb4 35. Qd2 Nc6 36. Qd7 Qa1+ 37. Kg2 Qxa4
38. Kh3 Qa8 39. Qd5 e3 40. Qe4 Qc8+ 41. Kg2 Qe6 42. Kf3 Ne5+ 43. Kxe3 Kg7 44.
Kf2 f5 45. Qd4 Kg6 46. Kf1 h5 47. h4 gxh4 48. Qxh4 Ng4 49. Qd8 Nf6 50. Qd4 Ne4
51. Qe3 Qd5 52. Kg1 Nf6 53. Bf3 1/2-1/2